Macroeconomics

Αποθηκεύτηκε σε:
Λεπτομέρειες βιβλιογραφικής εγγραφής
Κύριος συγγραφέας: Gordon, Robert J. (Robert James), 1940-
Μορφή: Βιβλίο
Γλώσσα:English
Δημοσίευση: New York : HarperCollins College Publishers, c1993.
Έκδοση:6η έκδ.
Θέματα:
Ετικέτες: Προσθήκη ετικέτας
Δεν υπάρχουν, Καταχωρήστε ετικέτα πρώτοι!

MARC

LEADER 00000cam a2200000 a 4500
001 1/118693
008 190516t1993####nyu| ||| |||| ||eng||
020 |a 0673521915   |q (σκληρό εξώφυλλο)  
040 |a GR-MyUa  |b gre  |c GR-MyUa  |e AACR2 
041 0 |a eng 
082 7 |a 339   |2 (23)  
100 1 |a Gordon, Robert J.   |q (Robert James),   |d 1940- 
245 1 0 |a Macroeconomics /   |c Robert J. Gordon.  
250 |a 6η έκδ.  
260 |a New York :   |b HarperCollins College Publishers,   |c c1993.  
300 |a xxvi, 620 σ. (ποικίλη σελιδαρίθμηση) :   |b διαγρ., εικ. πίν. ;   |c 26 εκ.  
504 |a Περιλαμβάνει βιβλιογραφικές παραπομπές και ευρετήριο.  
650 0 |a Macroeconomics. 
852 |a INST  |b CHIOS  |c TSAMOYRGELIS  |e 20190516  |h 339 GOR  |p 005200038826  |q 005200038826  |t BK  |y 0 
970 |a Σπέντζα  |b Ελένη  |z 16-05-2019